Неавтоматические выключатели для распределения электрической энергии от 16 до 63 кА (разъединители, рубильники, переключатели) (Запись № 374063)

Подробности
000 -МАРКЕР
контрольное поле 01782nam0a2200361 4500
001 - ИДЕНТИФИКАТОР ЗАПИСИ
контрольное поле RU\NLR\bibl\69785
005 - ИДЕНТИФИКАТОР ВЕРСИИ
контрольное поле 20250616094837.0
010 ## - МЕЖДУНАРОДНЫЙ СТАНДАРТНЫЙ НОМЕР КНИГИ (ISBN)
Номер (ISBN) 5-7801-0076-4
021 ## - НОМЕР ГОСУДАРСТВЕННОЙ РЕГИСТРАЦИИ
Код страны Российская Федерация
Номер 1999-40416
Номер Листа государственной регистраци 1997
035 ## - ДРУГИЕ СИСТЕМНЫЕ НОМЕРА
Идентификатор записи (NLR Aleph) 000068074
100 ## - ДАННЫЕ ОБЩЕЙ ОБРАБОТКИ
Данные общей обработки 20000211d1999 |||y0rusy50 ca
101 0# - ЯЗЫК РЕСУРСА
Язык текста, звукозаписи и т.д. русский
102 ## - СТРАНА ПУБЛИКАЦИИ ИЛИ ПРОИЗВОДСТВА
Страна публикации Российская Федерация
105 ## - ПОЛЕ КОДИРОВАННЫХ ДАННЫХ: ТЕКСТОВЫЕ МАТЕРИАЛЫ, МОНОГРАФИЧЕСКИЕ
Кодированные данные о монографическом текстовом документе a g |||||
200 1# - ЗАГЛАВИЕ И СВЕДЕНИЯ ОБ ОТВЕТСТВЕННОСТИ
Основное заглавие Неавтоматические выключатели для распределения электрической энергии от 16 до 63 кА (разъединители, рубильники, переключатели)
Сведения, относящиеся к заглавию Справ.
Первые сведения об ответственности Ин-т пром. развития (Информэлектро)
Последующие сведения об ответственности [И.С. Сагирова и др.]
210 ## - ПУБЛИКАЦИЯ, РАСПРОСТРАНЕНИЕ И ДР.
Место издания, распространения и т.д. М.
Имя издателя, распространителя и т. д. Информэлектро
Дата издания, распространения и т.д. 1999
215 ## - ФИЗИЧЕСКАЯ ХАРАКТЕРИСТИКА
Специфическое обозначение материала и объем 103,[1] с.
Другие сведения о физической характеристике ил.
Размеры 29
300 ## - ОБЩИЕ ПРИМЕЧАНИЯ
Текст примечания На тит. л. и обл.: Т. 5
606 0# - НАИМЕНОВАНИЕ ТЕМЫ КАК ПРЕДМЕТ
Наименование темы Электрическая энергия
Формальный подзаголовок Справочники
Тематический подзаголовок Распределение
Системный номер авторитетной/нормативной записи 2149997
Идентификатор авторитетной/нормативной записи RU\NLR\auth\661294875
606 0# - НАИМЕНОВАНИЕ ТЕМЫ КАК ПРЕДМЕТ
Наименование темы Электрические выключатели
Формальный подзаголовок Справочники
Системный номер авторитетной/нормативной записи 1250379
Идентификатор авторитетной/нормативной записи RU\NLR\auth\66194815
606 0# - НАИМЕНОВАНИЕ ТЕМЫ КАК ПРЕДМЕТ
Наименование темы Электрические разъединители
Формальный подзаголовок Справочники
Системный номер авторитетной/нормативной записи 1085633
Идентификатор авторитетной/нормативной записи RU\NLR\auth\66425039
606 0# - НАИМЕНОВАНИЕ ТЕМЫ КАК ПРЕДМЕТ
Наименование темы Рубильники
Формальный подзаголовок Справочники
Системный номер авторитетной/нормативной записи 1564947
Идентификатор авторитетной/нормативной записи RU\NLR\auth\66984999
606 0# - НАИМЕНОВАНИЕ ТЕМЫ КАК ПРЕДМЕТ
Наименование темы Электрические переключатели
Формальный подзаголовок Справочники
Системный номер авторитетной/нормативной записи 1313707
Идентификатор авторитетной/нормативной записи RU\NLR\auth\66545115
686 ## - ИНДЕКСЫ ДРУГИХ КЛАССИФИКАЦИЙ
Индекс З27я22
686 ## - ИНДЕКСЫ ДРУГИХ КЛАССИФИКАЦИЙ
Индекс З264.22я22
702 #1 - ИМЯ ЛИЦА - ВТОРИЧНАЯ ОТВЕТСТВЕННОСТЬ
Начальный элемент ввода Сагирова
Часть имени, кроме начального элемента ввода И. С.
Код отношения Составитель
801 #0 - ИСТОЧНИК ЗАПИСИ
Страна Российская Федерация
Организация NLR
Дата составления 20000211
Правила каталогизации PSBO
801 #1 - ИСТОЧНИК ЗАПИСИ
Страна Российская Федерация
Организация NLR
Дата составления 20000211
852 ## - МЕСТОНАХОЖДЕНИЕ И ШИФР ХРАНЕНИЯ
Идентификатор организации NLR
Шифр хранения (Call Number) 99-8/2399
942 ## - ДОПОЛНИТЕЛЬНЫЕ ЭЛЕМЕНТЫ ЗАПИСИ (АБИС)
Тип экземпляра АБИС Книга
980 ## - КОЛЛЕКЦИЯ
Название коллекции Национальная библиография
Экземпляры
Тип экземпляра Дата поступления Источник поступления Библиотека постоянного хранения Библиотека текущего хранения Место хранения Шифр хранения Штрих-код Статус экземпляра
Книга 11.02.2000 Обязательный экземпляр РНБ (Московский) РНБ (Московский) Русский книжный фонд: издания с 1957 года 99-8/2399 4592  
Книга 11.02.2000 Обязательный экземпляр РНБ (Московский) РНБ (Московский) Русский книжный фонд: издания с 1957 года 99-8/2399 4593